Name reaction rearrangement and mechanism: Problem solving approach (Record no. 394521)

MARC details
000 -LEADER
fixed length control field 00567 a2200205 4500
005 - DATE & TIME
control field 20260209163334.0
008 - FIXED-LENGTH DATA ELEMENTS--GENERAL INFORMATION
fixed length control field 260209b |||||||| |||| 00| 0 eng d
020 ## - ISBN
International Standard Book Number 9788119907533
Price Rs. 995.00
040 ## - CATALOGING SOURCE
Original cataloging agency VIVEKANANDA LIBRARY
082 ## - DDC NUMBER
Classification number 547.2
Book Number J41N
100 ## - MAIN ENTRY--PERSONAL NAME
Personal name Jena, Satyaban
245 ## - TITLE STATEMENT
Title Name reaction rearrangement and mechanism: Problem solving approach
260 ## - PUBLICATION, DISTRIBUTION, ETC. (IMPRINT)
Name of publisher, distributor, etc Indu Book Services
Date of publication, distribution, etc 2024
Place of publication, distribution, etc New Delhi
300 ## - PHYSICAL DESCRIPTION
Pages xi, 547
650 ## - Subject
Subject Chemistry
650 ## - Subject
Subject Organic Chemistry
650 ## - Subject
Subject Organic Reactions
700 ## - Added Entry Personal Name
Added Entry Personal Name Rout Laxmidhar
942 ## - ADDED ENTRY ELEMENTS (KOHA)
Koha item type Books
Holdings
Withdrawn status Lost status Source of classification or shelving scheme Damaged status Not for loan Location (home branch) Sublocation or collection (holding branch) Shelving location Date acquired Koha issues (times borrowed) Koha full call number Accession No. Koha date last seen Koha item type
    Dewey Decimal Classification     VIVEKANANDA LIBRARY VIVEKANANDA LIBRARY Vivekananda Library 07/01/2026   547.2 J41N 443979 07/01/2026 Books
    Dewey Decimal Classification     VIVEKANANDA LIBRARY VIVEKANANDA LIBRARY Vivekananda Library 07/01/2026 1 547.2 J41N 443981 14/04/2026 Books
    Dewey Decimal Classification     VIVEKANANDA LIBRARY VIVEKANANDA LIBRARY Vivekananda Library 07/01/2026   547.2 J41N 443980 07/01/2026 Books
    Dewey Decimal Classification     VIVEKANANDA LIBRARY VIVEKANANDA LIBRARY Vivekananda Library 07/01/2026   547.2 J41N 443982 07/01/2026 Books
    Dewey Decimal Classification     VIVEKANANDA LIBRARY VIVEKANANDA LIBRARY Vivekananda Library 07/01/2026   547.2 J41N 443978 07/01/2026 Books
© Designed and Maintained by Vivekananda Library, MDU Rohtak